00761nam a2200181 i 4500001000700000003000900007005001700016008004100033100003300074245017400107260006800281300002500349650002700374650005400401650002600455752002600481852007200507157229ES-MaACL20250801093105.0931025s1799 sp |||| | spa d1 aLatassa y Ortin, Félix de.10aBiblioteca nueva de los escritores aragoneses b: que florecieron desde el año de 1641 hasta 1680 / csu autor el doctor don Felix de Latasa y Ortin... ; tomo \RIII\R. aEn Pamplona : ben la oficina de Joaquin de Domingo..., c1799. a[2], 672 p. ; c4º. 4aAragon-xBibliografia. 0aLiteratura española-zAragón-xBibliografía 0aEscritores aragoneses aEspaña - dPamplona aES-MaACLjR-330-35 z-- Enc. pasta española x Olim: C-2217-22